[Event "Munich Whitsun op-A 3rd"]
[Site "Munich"]
[Date "2025.06.13"]
[Round "8"]
[White "Sriansh, Das"]
[Black "Raghav, Vijay"]
[Result "1-0"]
[WhiteElo "2340"]
[BlackElo "2301"]
[PlyCount "117"]
[EventDate "2025.06.08"]
[EventType "swiss"]
[EventRounds "9"]
[EventCountry "GER"]
[SourceTitle "CB26_2025"]
[SourceDate "2025.06.25"]
[SourceVersion "1"]
[SourceVersionDate "2025.06.25"]
[SourceQuality "1"]

1. e4 e5 2. Nf3 Nc6 3. Bc4 Bc5 4. d3 Nf6 5. 0-0 d6 6. c3 a5 7. Re1 0-0 8. h3 h6 9. Nbd2 Be6 10. Bb5 Qb8 11. Nf1 Qa7 12. d4 exd4 13. Bxc6 dxc3 14. Ba4 Bxf2+ 15. Kh1 Bxe1 16. Qxe1 d5 17. exd5 Bxd5 18. Qxc3 Ne4 19. Qe5 Nf2+ 20. Kh2 Bxf3 21. Be3 Qa6 22. Bxf2 Qe2 23. Qxe2 Bxe2 24. Ne3 Rfd8 25. Rc1 c6 26. Nf5 Bd3 27. Nd4 Be4 28. a3 Rd6 29. Re1 f5 30. Bb3+ Kh7 31. Re2 g6 32. Ne6 Re8 33. Nc5 Re7 34. Bg3 Rd4 35. Ne6 Rd3 36. Nc5 Rd8 37. Bc2 Kg7 38. Bh4 g5 39. Be1 b6 40. Bc3+ Kf8 41. Nxe4 Rd5 42. Rf2 f4 43. g3 Rf7 44. gxf4 Rxf4 45. Rxf4+ gxf4 46. Kg2 a4 47. Bxa4 Rd3 48. Bd2 Ke7 49. Bc2 Rd4 50. Kf3 Ke6 51. Bxf4 Rd7 52. Bxh6 c5 53. Bf4 c4 54. h4 Rg7 55. Ng5+ Kf6 56. h5 b5 57. h6 Rg8 58. h7 Re8 59. Be5+ 1-0